| 000 | 00452nam a2200157 a 4500 | ||
|---|---|---|---|
| 001 | 000032167 | ||
| 005 | 20200930063504.0 | ||
| 008 | 110713s1934 dr 000 p spa d | ||
| 040 |
_aDO-SdBNP _bspa _cBNPHU |
||
| 082 |
_axxx _bM843m |
||
| 100 | 1 |
_aMoreno Jimenes, Domingo, _d1894-1986 _919534 |
|
| 245 | 1 | 0 |
_aModerno apocalipsis / _cMoreno Jimenes. |
| 260 |
_a[Santo Domingo] : _bCiudad Estética, _c1934. |
||
| 300 |
_a[26] p. ; _c15 cm. |
||
| 049 | _aBNPD | ||
| 999 |
_c31658 _d31658 |
||